| 000 | 00883cam a2200265 4500 | ||
|---|---|---|---|
| 001 | 3210 | ||
| 003 | BD-RjUL | ||
| 005 | 20211208233708.0 | ||
| 008 | 131218s19671964iauab b 001 0 eng | ||
| 035 | _a(BD-RjUL)3244 | ||
| 040 |
_aDLC _cDLC _dDLC _beng |
||
| 041 | _aeng | ||
| 082 | 0 | 0 |
_a338.1082 _216 _bDII 1967 |
| 100 | 1 |
_aDixey, Roger Nicholas, _910153 |
|
| 245 | 1 | 0 |
_aInternational explorations of agricultural economics ; _bA tribute to the inspiration of Leonard Knight Elmhirst. / _cRoger N. Dixey. |
| 260 |
_aAmes : _bIowa State University Press, _c1964.[REPRINTED 1967] |
||
| 300 |
_aix, 306 p. _billus., maps. _c24 cm. |
||
| 504 | _aIncludes bibliographies. | ||
| 526 | _bEconomics | ||
| 650 | 0 |
_aAgriculture _xEconomic aspects. _910154 |
|
| 700 | 1 |
_aElmhirst, Leonard Knight, _d1893-1974. _910155 |
|
| 942 |
_2ddc _cBK |
||
| 999 |
_c3210 _d3210 |
||